000 00684nam a2200241Ia 4500
003 GCL
008 140319s9999 xx 000 0 ara d
040 _aGCL /
_cGCL
082 0 4 _a070.49
_bم ص
100 1 _aمحمود علم الدين
245 1 0 _aالصور الصحفية دراسة فنية /
_cمحمود علم الدين
260 _a[S.N] :
_bالعربى للنشر والتوزيع
300 _a103 ص
490 _a
650 0 4 _aالصحافة
650 0 4 _aالطرق الفنية
650 0 4 _aالتصوير
650 0 4 _aالصور
650 0 4 _aالصحف
650 0 4 _aالتصوير الصحفى
650 0 4 _aايضاحات
942 _2ddc
_cBK
999 _c58971
_d58971